Distribution and utilization of electricity (Record no. 545412)
[ view plain ]
| 000 -LEADER | |
|---|---|
| fixed length control field | 00402nam a22001337a 4500 |
| 082 ## - DEWEY DECIMAL CLASSIFICATION NUMBER | |
| Classification number | 621.3 |
| Author Mark | TAY |
| -- | L-10, P-10 |
| 100 ## - MAIN ENTRY--PERSONAL NAME | |
| Personal name | Taylor, E. Openshaw |
| 9 (RLIN) | 41229 |
| 245 ## - TITLE STATEMENT | |
| Title | Distribution and utilization of electricity |
| Statement of responsibility, etc. | Taylor, E. Openshaw |
| 260 ## - PUBLICATION, DISTRIBUTION, ETC. | |
| Place of publication, distribution, etc. | London, Glasgow |
| Name of publisher, distributor, etc. | blackie & son |
| 300 ## - PHYSICAL DESCRIPTION | |
| Extent | 162 p. |
| Other physical details | ill. |
| Dimensions | 19 cm. |
| 526 ## - STUDY PROGRAM INFORMATION NOTE | |
| Program name | 0 |
| Interest level | 0 |
| Reading level | 0 |
| Title point value | 621_300000000000000_TAY |
| 650 ## - SUBJECT ADDED ENTRY--TOPICAL TERM | |
| Topical term or geographic name entry element | MCE |
| 9 (RLIN) | 379 |
| 942 ## - ADDED ENTRY ELEMENTS (KOHA) | |
| Source of classification or shelving scheme | |
| Koha item type | Book |
| Withdrawn status | Lost status | Source of classification or shelving scheme | Damaged status | Not for loan | Permanent Location | Current Location | Date acquired | Total Checkouts | Full call number | Barcode | Date last seen | Price effective from | Koha item type |
|---|---|---|---|---|---|---|---|---|---|---|---|---|---|
| Military College of Engineering (MCE) | Military College of Engineering (MCE) | 05/22/2014 | 621.3 TAY | MCE-30371 | 05/22/2014 | 05/22/2014 | Book |
